| 000 | 00729nam a2200289 a 4500 | ||
|---|---|---|---|
| 003 | AR-BaBNM | ||
| 005 | 20251128205133.0 | ||
| 008 | 082120s2002 ||||||||||||||000 | spa|| | ||
| 040 | _cAR-BaBNM | ||
| 100 | 1 | _aLojendio, Luis María de | |
| 245 | 0 | 0 |
_aSavonarola _bestudio biográfico |
| 260 |
_aMadrid _bEspasa-Calpe _c1945 |
||
| 300 |
_a369 p. _bil. |
||
| 600 | 1 | 4 | _aSavonarola, Girolamo |
| 600 | 1 | 4 | _aMedicis, Lorenzo De |
| 650 | 4 | _aHISTORIA EUROPEA | |
| 650 | 4 | _aBIOGRAFIAS | |
| 650 | 4 | _aHISTORIA DE LAS RELIGIONES | |
| 650 | 4 | _aRENACIMIENTO | |
| 650 | 4 | _aCATOLICISMO | |
| 650 | 4 | _aHISTORIA POLITICA | |
| 651 | 4 | _aItalia | |
| 651 | 4 | _aFlorencia | |
| 655 | _aBIOGRAFIAS | ||
| 942 | _cBK | ||
| 998 | _cEnrique | ||
| 999 |
_c10138 _d10138 |
||